Encyclopedia of Agriculture

Bibliographic Details
Main Author: Bagulia, A. M.
Format: Book
Published: New Delhi, India : Anmol Publications Pvt. Ltd. , 2005
Subjects:

MARC

LEADER 00000cam a2200000 7i4500
001 0000003688
005 20080528.0
020 0 0 |a 8126124830 
090 0 0 |a R 388.1   |b BAG 
100 1 0 |a Bagulia, A. M. 
245 1 0 |a Encyclopedia of Agriculture   |c A.M. Bagulia 
260 0 0 |a New Delhi, India :   |b Anmol Publications Pvt. Ltd. ,   |c 2005 
300 |a 7 Vol. :   |b ill. ;   |c 22cm. 
500 0 0 |a Vol. 1(Elements of Agriculture), Vol. 2(Agriculture: The Cultivation), Vol. 3(Agriculture: Crop Pattern), Vol. 4(Agriculture: Crop Production), Vol. 5(Agriculture: Farming Methods), Vol. 6(Agriculture: Plant Protection), Vol. 7(Agriculture: Soil and Water) 
650 0 0 |a Agriculture   |x Encyclopedia 
999 |a 0000007234   |b Monograph   |c Reference   |e Default branch 
999 |a 0000007235   |b Monograph   |c Reference   |e Default branch 
999 |a 0000007236   |b Monograph   |c Reference   |e Default branch 
999 |a 0000007237   |b Monograph   |c Reference   |e Default branch 
999 |a 0000007238   |b Monograph   |c Reference   |e Default branch 
999 |a 0000007239   |b Monograph   |c Reference   |e Default branch 
999 |a 0000007241   |b Monograph   |c Reference   |e Default branch